000 00496nam a2200181 i 4500
001 141451
003 ES-MaACL
005 20230906200309.0
007 t|
008 070924s1971 sp ||||1| spa d
100 1 _aVochelle, J.
_9115637
245 1 4 _aLos enemigos de los cultivos /
_cJ. Vochelle y J. Faure.
250 _a[1ยช ed.].
260 _aBarcelona :
_bAedos,
_c[1971]
300 _a487 p. :
_bil. ;
_c20 cm.
700 1 _aFaure, J.
_948962
852 _aES-MaACL
_jC-44768
_bR.81192
999 _c141451
_d141451